| 000 | 00000nam##2200000za#4500 |
| 001 | 9.700503 |
| 003 | CaOODSP |
| 005 | 20210927150516 |
| 007 | cr ||||||||||| |
| 008 | 150407|1998||||xxc|||||o f|0| 0 eng|d |
| 040 | |aCaOODSP|beng |
| 043 | |an-cn--- |
| 086 | 1 |aR32-191/1-1998E-PDF |
| 110 | 1 |aCanada. |bIndian and Northern Affairs Canada. |
| 245 | 10|aSelkirk First Nation Final Agreement, among the Government of Canada, and the Selkirk First Nation, and the Government of the Yukon |h[electronic resource] |
| 260 | |aOttawa - Ontario : |bIndian and Northern Affairs |c[1998]. |
| 300 | |a474p. |
| 590 | |a15-05-Supp|b2015-03-31 |
| 690 | 07|aIndigenous rights|2gcpds |
| 775 | 08|tEntente définitive de la Première nation de Selkirk conclue par le gouvernement du Canada, la Première nation de Selkirk, et le gouvernement de Yukon |w(CaOODSP)9.644388 |
| 856 | 40|ahttp://publications.gc.ca|qPDF|s578 KB|uhttps://publications.gc.ca/collections/collection_2015/aadnc-aandc/R32-191-1-1998-eng.pdf |